000
00326nam a2200133Ia 4500
008
100328s9999 xx 000 0 und d
082
_b
31277
100
_a
मोकाशी दि. बा.
245
_a
पालखी
260
_b
मौज
630
_a
पालखी
730
_a
पालखी
942
_c
BOOK
999
_c
522225
_d
522222